02409 a2200253 4500020001500000040001300015082001100028100002500039245004700064250001200111260003300123300003600156505075100192520031900943650005801262650004101320942002401361999001501385952015701400952015701557952014201714952014201856952015701998 a0387201564 aDLCbDLC00a621.341 aIda, Nathan.910919710aEngineering electromagnetics/cNathan Ida. a2nd ed. aNew York :bSpringer,c2004. axvii, 1235 p. :bill. ;c24 cm.0 a1. Vector algebra -- 2. Vector calculus -- 3. Coulomb's law and the electric field -- 4. Gauss's law and the electric potential -- 5. Boundary value problems : analytic methods of solution -- 6. Boundary value problems : numerical (approximate) methods -- 7. The steady electric current -- 8. The static magnetic field -- 9. Magnetic materials and properties -- 10. Faraday's law and induction -- 11. Maxwell's equations -- 12. Electromagnetic waves and propagation -- 13. Reflection and transmission of plane waves -- 14. Theory of transmission lines -- 15. The Smith chart, impedance matching, and transmission line circuits -- 16. Transients on transmission lines -- 17. Waveguides and resonators -- 18. Antennas and electromagnetic radiation.1 a"The book is a comprehensive two semester textbook. It is written with all details of derivations included and all steps in solutions listed. It requires little beyond basic calculus and can be used for self-study. The wealth of examples and alternative explanations makes it approachable by students."--BK JACKET. 0aElectromagnetic devicesxMathematical models.9109198 0aElectromagnetismxMathematics.92849 cBKk621.34 IDA2ddc c4540d4540 00102ddc4070aCLbCLcEEd2006-09-07eProgressive International Agenciesg11179.97l2o621.3 IDApSEECS007530r2014-08-27s2014-08-27w2017-01-05yBK 00102ddc4070aCLbCLcEEd2006-09-07eProgressive International Agenciesg11179.97l1o621.3 IDApSEECS007527r2021-09-08s2014-01-22w2017-01-05yBK 00102ddc4070aCLbCLcEEd2006-09-07eProgressive International Agenciesg11179.97o621.3 IDApSEECS007528r2012-11-14w2017-01-05yBK 00102ddc4070aCLbCLcEEd2006-09-07eProgressive International Agenciesg11179.97o621.3 IDApSEECS007529r2012-11-14w2017-01-05yBK 00102ddc4070aCLbCLcEEd2006-09-07eProgressive International Agenciesg11179.97l1o621.3 IDApSEECS007531r2014-01-20s2014-01-20w2017-01-05yBK